01123nam a22002657a 4500003000500000005001700005008004200022010001300064020002200077035002200099037001600121040001500137082001700152100003200169245013400201260004100335270003500376300002100411650002900432650003300461942002600494999001900520952018900539952012900728dpl020180724120542.0180724b xxu||||| |||| 00| 0 eng d0 aA-938798 c00.00a8172246005 aA-938798,A-938808 bCen Lib/Ret aDPLbENc0 a615.882bGLE aGleisner, Earlene F.934121 aREIKI in everyday living :cby Earlene F. Gleisnerbhow universal energy is a natural part of life, medicine, and personal growth aMumbaibJaico Publishing Housec1999 bMumbaia121 M. G. Roade400023 a101p. c20cm(Hb) aHolistic medicine934122 aHealing, Self-healing934123 2ddccENh615.882mGLE c132243d132243 04104070aLbLd2015-07-21eCen Lib/Retg0.00l0o615.882 GLEpA-938798r2015-07-21 00:00:00t1v0.00w2015-07-21yENzWritten off on approval by DLB (By Circulation); dtd 15-06-2023 00102ddc40708NFICaTNbTNd2018-07-24eBPPD/publ0o615.882 GLEpA-938808r2018-07-24 00:00:00t1v55.00w2018-07-24yEN